00635nam a22001937a 450000500170000001000130001702000110003003500130004103700160005404000120007008200160008224501690009826000370026730000210030450000190032565000460034465000320039070000190042220170124110247.0 aA-792706 c600.00 aA-792706 bCen Lib/Ret aDPLbEN a338.62bECO aEconomic reforms and public sector in India :bwith update on policy referencer for public sector enterprises, January 1993-September 1995 /cedited by Raj K. Nigam aNew DelhibDC Publicationsc1995 a462p. c23cm(Hb) aIncludes index aGovernment business enterprises -- India. aIndustrial policy -- India. aNigam, Raj K.